Optical systems degradation, contamination, and stray light : effects, measurements, and control : 2-5 August 2004, Denver, Colorado, USA /

Bibliographic Details
Corporate Author: Society of Photo-optical Instrumentation Engineers
Other Authors: Chen, Philip T., Fleming, John C., Dittman, Michael G.
Format: Book
Language:English
Published: Bellingham, Washington : SPIE, [2004]
Series:Proceedings of SPIE--the International Society for Optical Engineering ; v. 5526.
Subjects:

MARC

Tag First Indicator Second Indicator Subfields
LEADER 00000cam a2200000 a 4500
001 in00002017535
005 20151031151732.0
008 041117s2004 waua b 101 0 eng d
020 |a 0819454648 
035 |a (OCoLC)ocm56984011 
040 |a LHL  |c LHL  |d TXA  |d UtOrBLW 
049 |a TXAM 
090 |a TL946  |b .O69 2004 
245 0 0 |a Optical systems degradation, contamination, and stray light :  |b effects, measurements, and control : 2-5 August 2004, Denver, Colorado, USA /  |c Philip T.C. Chen, John C. Fleming, Michael G. Dittman, chairs/editors ; sponsored and published by SPIE--the International Society for Optical Engineering. 
264 1 |a Bellingham, Washington :  |b SPIE,  |c [2004] 
264 4 |c ©2004 
300 |a viii, 274 pages :  |b illustrations (some color) ;  |c 28 cm. 
336 |a text  |b txt  |2 rdacontent 
337 |a unmediated  |b n  |2 rdamedia 
338 |a volume  |b nc  |2 rdacarrier 
490 1 |a Proceedings / SPIE--the International Society for Optical Engineering ;  |v v. 5526 
504 |a Includes bibliographical references and index. 
650 0 |a Space vehicles  |x Contamination  |v Congresses. 
650 0 |a Space stations  |x Contamination  |v Congresses. 
650 0 |a Space vehicles  |x Optical equipment  |v Congresses. 
700 1 |a Chen, Philip T. 
700 1 |a Fleming, John C. 
700 1 |a Dittman, Michael G. 
710 2 |a Society of Photo-optical Instrumentation Engineers. 
830 0 |a Proceedings of SPIE--the International Society for Optical Engineering ;  |v v. 5526. 
948 |a cataloged  |b h  |c 2004/12/10  |d c  |e dmitchel  |f 10:44:18 am 
994 |a E0  |b TXA 
999 |a MARS 
999 f f |s a34b59e5-f0c5-3d08-90f7-ff722f83250a  |i 58c2e890-bcaf-38fb-9abe-7dcd0a1aacac  |t 0 
952 f f |p ric  |a Texas A&M University  |b Rellis Campus  |c Joint Library Facility  |d Remote Storage  |t 0  |e TL946 .O69 2004  |h Library of Congress classification  |i unmediated -- volume  |m A14831640898 
998 f f |a TL946 .O69 2004  |t 0  |l Remote Storage